MARC

LEADER 00000nam0a2200000 4500
001 271699
005 20231101234448.0
020 |a RU  |b 87-47185 
035 |a (RuTPU)RU\TPU\book\294901 
090 |a 271699 
100 |a 20141010d1987 k y0rusy5003 ca 
101 1 |a rus  |c eng 
102 |a RU 
105 |a y z 001zy 
200 1 |a Экспертные системы: принципы работы и примеры  |e пер. с англ.  |f под ред. Р. Форсайта, В. Л. Стефанюка 
210 |a Москва  |c Радио и связь  |d 1987 
215 |a 224 с. 
225 1 |a Кибернетика 
320 |a Библиогр.: с. 213-222 
606 1 |a Экспертные системы  |2 stltpush  |3 (RuTPU)RU\TPU\subj\26793  |9 50643 
610 1 |a экспертные оценки 
610 1 |a работа 
610 1 |a примеры 
610 1 |a архитектура 
610 1 |a логический вывод 
610 1 |a инженерия знаний 
610 1 |a обучающие системы 
675 |a 681.5  |z rus  |v 3 
702 1 |a Форсайт  |b Р.  |g Ричард  |4 340 
702 1 |a Стефанюк  |b В. Л.  |4 340 
801 0 |a RU  |b RuMRKP  |c 19950417  |g psbo 
801 1 |a RU  |b 63413507  |c 20141010 
801 2 |a RU  |b 63413507  |c 20170314  |g RCR 
942 |c BK